000 00714nam a2200241Ia 4500
003 OSt
005 20220923220650.0
006 a|||||r|||| 00| 0
007 ta
008 220922b |||||||| |||| 00| 0 hin d
024 _a188,855
037 _cTextual
040 _aARTS
_cARTS
_bhin
041 _2hin
_ahin
082 _aO152,2M89,27, L9
100 _aजयशंकर प्रसाद
245 0 _aकरूणालय
246 _aKarūṇālaya
260 _aवाराणसी
_b प्रसाद प्रकाशन
_c1979
300 _a38 पृ.
_ccm.
942 _hO152,2M89,27, L9
_cTEXL
_2CC
999 _c341738
_d341738